Hukuksuz demokrasi (Record no. 3107)

MARC details
000 -BAŞLIK
Sabit Uzunlukta Kontrol Alanı 00594na a2200217 4500
001 - KONTROL NUMARASI
Denetim Alanı 15637
003 - KONTROL NUMARASI IDENTIFIER
Denetim Alanı MIRAKIL
005 - SON İŞLEM TARİHİ VE ZAMANI
Denetim Alanı 20181213154921.0
008 - SABİT-BOY VERİ ELEMANLARI - GENEL BİLGİLER
Sabit Uzunlukta Kontrol Alanı 170623b tu 000 0
040 ## - KATALOGLAMA KAYNAK
Orijinal Kataloglama Ajansı Milas
Kataloglama Dili tur
Metne Dönüştürmek Ajansı TR-AnCHP
041 ## - DİL KODU
Metin / Ses Parça Veya Ayrı Başlığın Dil Kodu tur
082 ## - DEWEY ONLU SINIFLANDIRMA NUMARASI
Sınıflandırma Numarası 320.1
Ürün Numarası Ç34h 1985
090 ## - SINIFLAMA NUMARASI
Sınıflama Numarası 320.1 Ç34h 1985
100 ## - ANA GİRİŞ - KİŞİSEL İSİM
Kişisel Ad Çelenk, Halit
Bir Adıyla İlişkilendirilen Tarihler 1922 - 2011
245 ## - BAŞLIK TABLOSU
Başlık Hukuksuz demokrasi
Sorumluluk Tablosu, Vb Halit Çelenk
260 ## - YAYIN, DAĞITIM, VB
Yayın, Dağıtım, Vb Yeri İstanbul
Yayıncı, Dağıtıcı, Vs Adı Çağdaş yayınları
Yayın, Dağıtım, Vb Tarihi 1985
300 ## - FİZİKSEL TANIM
Kapsam 250 s.
Boyutlar 20 sm.
650 ## - KONU KATMA GİRİŞ - TOPİKAL DÖNEM
Topikal Süreli Veya Coğrafi Ad Giriş Elemanı Siyasal bilimler
Genel Alt Bölümü Hukuk
Coğrafi Alt Bölümü Türkiye
650 ## - KONU KATMA GİRİŞ - TOPİKAL DÖNEM
Topikal Süreli Veya Coğrafi Ad Giriş Elemanı Hukuk felsefesi
Coğrafi Alt Bölümü Türkiye
942 ## - EKLENDİ GİRİŞ ELEMANLARI (KOHA)
Sınıflandırma Veya Raf Düzeni Kaynak Dewey Decimal Classification
Koha Öğesi Türü Books
999 ## - SİSTEM KONTROL NUMARALARI (KOHA)
Koha Biblionumber 3107
Koha Biblioitemnumber 3107
Holdings
Kalıcı Konum Mevcut Konum Edinme Tarihi Edinim Kaynak Toplam Check-Out'Lar Tam Çağrı Numarası Barkod Tarih Son Görülme İtibaren Geçerli Fiyatlar Koha Öğesi Türü Sigara Kamu Notu
CHP Kütüphanesi CHP Kütüphanesi 09/19/2016 Bağış   320.1 Ç34h 1985 005575 09/19/2016 09/19/2016 Books  
CHP Kütüphanesi CHP Kütüphanesi 01/09/2019 Bağış   320.1 Ç34h 1985 018723 01/09/2019 01/09/2019 Books  
Parti Okulu Kütüphanesi Parti Okulu Kütüphanesi 08/11/2021     320.1 Ç34h 1985 P00833 08/11/2021 08/11/2021 Books Emin Değer Bağışıdır.